All J-League Winners - Statistics

General Stats
  • This quiz has been taken 129 times
    56 since last reset
  • The average score is 48 of 66
Answer Stats
Year J League 1 % Correct
1996 Kashima Antlers
95%
1998 Kashima Antlers
95%
2000 Kashima Antlers
95%
2001 Kashima Antlers
95%
2007 Kashima Antlers
95%
2008 Kashima Antlers
95%
2009 Kashima Antlers
95%
2016 Kashima Antlers
95%
2023 Vissel Kobe
95%
1993 Tokyo Verdy
93%
1994 Tokyo Verdy
93%
1995 Yokohama F. Marinos
91%
2003 Yokohama F. Marinos
91%
2004 Yokohama F. Marinos
91%
2019 Yokohama F. Marinos
91%
2022 Yokohama F. Marinos
91%
2011 FC Tokyo
88%
2005 Gamba Osaka
88%
2013 Gamba Osaka
88%
2014 Gamba Osaka
88%
2008 Sanfrecce Hiroshima
88%
2012 Sanfrecce Hiroshima
88%
2013 Sanfrecce Hiroshima
88%
2015 Sanfrecce Hiroshima
88%
1999 Kawasaki Frontale
84%
2004 Kawasaki Frontale
84%
2017 Kawasaki Frontale
84%
2018 Kawasaki Frontale
84%
2020 Kawasaki Frontale
84%
2021 Kawasaki Frontale
84%
2010 Nagoya Grampus
84%
2006 Urawa Red Diamonds
79%
2010 Kashiwa Reysol
77%
2011 Kashiwa Reysol
77%
2019 Kashiwa Reysol
77%
2006 Yokohama FC
77%
1997 Jubilo Iwata
74%
1999 Jubilo Iwata
74%
2002 Jubilo Iwata
74%
2021 Jubilo Iwata
74%
2009 Vegalta Sendai
72%
2003 Albirex Niigata
67%
2022 Albirex Niigata
67%
2000 Consadole Sapporo
67%
2007 Consadole Sapporo
67%
2016 Consadole Sapporo
67%
2023 Machida Zelvia
67%
2001 Kyoto Sanga
63%
2005 Kyoto Sanga
63%
2014 Shonan Bellmare
63%
2017 Shonan Bellmare
63%
2002 Oita Trinita
56%
2016 Oita Trinita
56%
2021 Roasso Kumamoto
51%
2020 Tokushima Vortis
47%
2012 Ventforet Kofu
47%
2023 Ehime FC
44%
2022 Iwaki FC
44%
2018 Matsumoto Yamaga
44%
2015 Omiya Ardija
44%
2017 Blaublitz Akita
35%
2020 Blaublitz Akita
35%
2018 FC Ryukyu
35%
2019 Giravanz Kitakyushu
30%
2014 Zweigen Kanazawa
30%
2015 Renofa Yamaguchi
26%
No matching quizzes found
Score Distribution
Percent of People with Each Score
Percentile by Number Answered
Your Score History
You have not taken this quiz since the last reset